00297nam a2200121Ia 4500008004100000082001600041100001600057245003700073250000900110260002900119300000800148650001900156150201s2003 xx 000 0 und d a618.1bG03D aDAWAN ,C.S. aTB. OF GYNAECOLOGY CONTRACEPTION a14TH bDAWN BOOKaCALCATAc2003 a256 aOBST. & GYNEA.